<Le> financement du logement.
Štúdia o podmienkach financovania bývania vo Francúzsku. Rozdeľovanie finančných prostriedkov a jeho vývoj v r. 1988-1990. Investičný úver. Pomocný sociálny úver a iné úvery. Vývoj nového úveru na bývanie. Náklady na financovanie úverov na bývanie a jeho pomocná stabilita v r. 1991. Vývoj úrokov vo...
Enregistré dans:
| Format: | Chapitre de livre |
|---|---|
| Langue: | français |
| Sujets: | |
| Tags: |
Pas de tags, Soyez le premier à ajouter un tag!
|
MARC
| LEADER | 00000naa a2200000 4500 | ||
|---|---|---|---|
| 001 | r010866 | ||
| 005 | 20220913124948.9 | ||
| 041 | 0 | |a fre | |
| 044 | |a FR | ||
| 245 | 1 | 0 | |a <Le> financement du logement. |
| 520 | |a Štúdia o podmienkach financovania bývania vo Francúzsku. Rozdeľovanie finančných prostriedkov a jeho vývoj v r. 1988-1990. Investičný úver. Pomocný sociálny úver a iné úvery. Vývoj nového úveru na bývanie. Náklady na financovanie úverov na bývanie a jeho pomocná stabilita v r. 1991. Vývoj úrokov vo funkcii úveru. (Banque de France. Enquete annuelle sur le logement en France, jún 1992). | ||
| 610 | 2 | 0 | |a financovanie |
| 610 | 2 | 0 | |a bývanie |
| 610 | 2 | 0 | |a Francúzsko |
| 610 | 2 | 0 | |a úver |
| 610 | 2 | 0 | |a úrok |
| 610 | 2 | 0 | |a 1988-1991 |